Victoires européennes du Servette FC - Statistiques

Statistiques générales
  • Ce quiz a été pris 27 fois
  • Le résultat moyen est 2 sur 15
Answers on the Grid
Answers color-coded by a green-red scale on the quiz's grid according to % correct below.
FC Sochaux-Montbéliard
Fortuna Düsseldorf
Śląsk Wrocław
Slavia Prague
FC Kaiserslautern
Aberdeen FC
Real Madrid
TSV 1860 München
Dukla Prague
Slovan Bratislava
Derby County
Girondins de Bordeaux
Shakhtar Donetsk
Rosenborg BK
Hertha Berlin
Steaua Bucarest
Feyenoord Rotterdam
Cardiff City
Bröndby IF
Real Zaragoza
FC Valencia
Atlético Madrid
Athletic Bilbao
AS Rome
Malmö FF
Chelsea FC
Sturm Graz
Liverpool
Sparta Rotterdam
Olympique de Marseille
 
Statistiques - réponses
Réponse % Correct
FC Sochaux-Montbéliard
62%
Chelsea FC
46%
Śląsk Wrocław
31%
Slavia Prague
23%
Cardiff City
15%
Liverpool
15%
Real Zaragoza
15%
Athletic Bilbao
8%
Dukla Prague
8%
Feyenoord Rotterdam
8%
Hertha Berlin
8%
Sturm Graz
8%
Malmö FF
0%
Slovan Bratislava
0%
Sparta Rotterdam
0%
Aucun quiz correspondant
Distribution des résultats
% des personnes avec chaque résultat
Percentile par nombre de réponses
Votre historique - résultats
Vous n’avez pas pris ce quiz